000 01141cam a22001934a 4500
005 20250605164135.0
008 250528s ||||||||||||||||||||||||d
035 _a18736
020 _a710092806
040 _aGR-AtMCL
_bgre
_dGR-AtMCL
_eAACR2
245 1 _aOwner-Occupation in Britain
260 _bRoutledge & Kegan Paul,
_c1982
300 _a400
520 _aA sustained and lengthy critical analysis of a pioneering nature. Preface, Abbreviations, Introduction, War and Reconstruction, The Second Boom, The Demographic Context, The Willingness to Purchase, The Capacity to Purchase and the Building Societies, Owner-Occupation at the Margin, The Sale of Council Houses, The Sale of Privately Rented Accommodation, The Stock Supply from Owner-Occupier Households, The Speculative House Holding Industry, Owner-Occupier Rehabilitation, The Exchange Process, Stock and Flow, Owner-Occupation and Social Relations, Perturbation and Decline, A Strategy for the Future, Appendices, Notes, Selected Bibliography, Name and General Index.
700 1 _aMerrett Stephen
_94986
942 _cBK
999 _c4055
_d4055